Score 0/10 Timer 03:00
0 Plays Today
Name of Show/School Answer % Correct
Sunnydale HighBuffy the Vampire Slayer
67.9%
One Tree HillTree Hill High School
50%
Constance Billard-St. Jude'sGossip Girl
50%
90210West Beverly High
39.3%
IllyriaShe's The Man
28.6%
RoswellWest Roswell High
17.9%
Northshore HighMean Girls
17.9%
The OCThe Harbor School
14.3%
Beacon Hills High SchoolTeen Wolf
14.3%
Life UnexpectedWestmonte High
10.7%
Remove Ads.
Support Sporcle.
Get the best of Sporcle when you Go Orange. This ad-free experience offers more features, more stats, and more fun while also helping to support Sporcle. Thank you for becoming a member.

You're not logged in!

Compare scores with friends on all Sporcle quizzes.
OR
Log In

Show Comments

Extras

Created Aug 5, 2012ReportNominate
Tags:Show Quiz, High School, school

Top Quizzes Today


Score Distribution

Your Account Isn't Verified!

In order to create a playlist on Sporcle, you need to verify the email address you used during registration. Go to your Sporcle Settings to finish the process.

Report this User

Report this user for behavior that violates our Community Guidelines.

Details: